000 00415nam a2200181Ia 4500
001 15463
005 20260306170158.0
008 260306t2008||||xx |||||||||||||| ||und||
041 _aESP
082 _a540
_bW54
100 _aWhitten, Kenneth W.
_eAUT
245 0 _aQuímica
260 _c2008
300 _axxxii, 1066, 63 páginas :
_c27 cm.
650 _aGEN
654 _aCCN
942 _cLIB
_dJUS
_fJUS
_2ddc
_n
999 _c15463
_d15463